Paesi con meno di un milione di abitanti - Morte improvvisa - Statistics

Statistiche generali
  • Questo quiz è stato fatto 215 volte
  • Il punteggio medio è 10 su 16
Answers on the Grid
Answers color-coded by a green-red scale on the quiz's grid according to % correct below.
Andorra
Armenia
Barbados
Belize
Bhutan
Brunei
Città del Vaticano
Corea del Nord
Costa Rica
Croazia
Gabon
Giamaica
Islanda
Kiribati
Laos
Libia
Liechtenstein
Lithuania
Lussemburgo
Namibia
Nauru
Nepal
Saint Lucia
Samoa
Seychelles
Singapore
Spagna
Suriname
Tuvalu
Uruguay
 
Statistiche sulle risposte
Risposta % Corretto
1,000 Città del Vaticano
80%
82,000 Andorra
76%
40,000 Liechtenstein
75%
10,000 Tuvalu
75%
12,000 Nauru
74%
180,000 Saint Lucia
72%
136,000 Kiribati
69%
132,000 Seychelles
69%
219,000 Samoa
63%
283,000 Barbados
61%
676,000 Lussemburgo
61%
396,000 Islanda
50%
465,000 Brunei
46%
793,000 Bhutan
42%
636,000 Suriname
42%
420,000 Belize
41%
Nessun quiz corrispondente trovato
Distribuzione punteggi
Percentuale di utenti per punteggio
Percentile per numero di risposta
I tuoi punteggi nel tempo
Non hai fatto questo quiz